มุมมองปกติ
มุมมองแบบ MARC
- Asia-Europe Parliamentary Partnership
รายการ Meeting Name
001 - CONTROL NUMBER
- control field: 17874
003 - CONTROL NUMBER IDENTIFIER
- control field: NALT
005 - DATE AND TIME OF LATEST TRANSACTION
- control field: 20170929141219.0
008 - FIXED-LENGTH DATA ELEMENTS
- fixed length control field: 170929|| aca||aabn | a|a d
040 ## - CATALOGING SOURCE
- Original cataloging agency: NALT
111 ## - HEADING--MEETING NAME
- Meeting name or jurisdiction name as entry element: Asia-Europe Parliamentary Partnership
- General subdivision: Meeting
- General subdivision: Report
